000
00314nam a22001337a 4500
008
181031b xxu||||| |||| 00| 0 eng d
020
_a
0792318595
041
_a
eng
080
_2
3rd
_a
616.12
100
_a
6
101
_a
KAR
245
_a
Cardiovascular Disease in the Elderly
_c
Esserli, F. H
942
_2
udc
_c
BK
999
_c
51375
_d
51375